LEADER 01075nam a2200241 4500 001 000000363101 003 CaOOAMICUS 005 20250623143135.0 008 250609s1968 it 000 u ita r 040 $aSeMil$bita 100 1 $aGroués, Henri-Antoine,$d<1912-2007>.$0(OLS)http://semarc/name/31110 245 13$aIl grave scandalo dei nostri tempi: $bgli uomini che soffrono la fame e la miseria /$cl'Abbé Pierre. 264 1$aVarese :$bLa Tipografica,$c1968. 300 $a19 p. ;$c20 cm 500 $aTesto della conferenza tenuta a Varese il 13 gennaio 1968 650 4$aPaesi in via di sviluppo - Assistenza.$0(OLS)http://semarc/subject/32294 850 $aSeMil 852 $aSeMil$W1$xVenegono$y1$m5B VIII 4/4$j258142$B253973$CSeMilBibl$Z2$F253973 $81 900 0 $aabbé Pierre. 996 $6245$aIl grave scandalo dei nostri tempi: $bgli uomini che soffrono la fame e la miseria$9(OLS)http://semarc/title/454220 996 $6264$aVarese :$bLa Tipografica$9(OLS)http://semarc/publisher/37288 LEADER 01060nam a2200229 i 4500 001 000000087260 003 CaOOAMICUS 005 20100508000000.0 008 100508s1933 it u000 u ita u 013 $a59500 040 $aSeMil$bita 100 1 $aScaramuzzi, Diomede,$c.$0(OLS)http://semarc/name/23521 245 13$aLe idee scotiste di un grande teologo domenicano del '500: Ambrogio Catarino /$cP. Diomede Scaramuzzi. 260 $aFirenze :$bVallecchi,$c1933. 300 $a1 v. (varie sequenze) ;$c25 cm. 500 $aEstratto da Studi Francescani. S.3a : Anno 4., 1932, 10. N.3 - Anno 5., 1933, 11., N.3. 650 4$aRinascimento.$0(OLS)http://semarc/subject/1225 650 4$aScolastica.$0(OLS)http://semarc/subject/210 850 $aSeMil 852 $aSeMil$W1$xVenegono$y1$m1532 50 *$j50804$B50804$CSeMilBibl$Z2$F54859 $81 996 $6245$aLe idee scotiste di un grande teologo domenicano del '500: Ambrogio Catarino$9(OLS)http://semarc/title/133397 996 $6260$aFirenze :$bVallecchi$9(OLS)http://semarc/publisher/29768